G7 Mitgliedsstaaten - Statistiken

Allgemein
  • Dieses Quiz wurde 147 mal gespielt
  • Das Durchschnittsergebnis liegt bei 7 aus 8
Antwortstatistiken
Mitglied % Korrekt
Mitgliedstaaten der G7: Deutschland
98%
Vereinigte Staaten
98%
Frankreich
97%
Vereinigtes Königreich
94%
Japan
92%
Italien
91%
Kanada
91%
Beobachter: Europäische Union
31%
Keine übereinstimmenden Quizze gefunden
Verteilung der Resultate
Anzahl Personen mit jedem Resultat
Perzentil nach korrekt beantworteten Fragen
Ihre Resultats-Entwicklung
Sie haben dieses Quiz noch nicht gespielt